Elements Starting with B - Statistics

General Stats
  • This quiz has been taken 1,284 times
    1,277 since last reset
  • The average score is 6 of 7
Answer Stats
Sym Element % Correct
B Boron
98%
Be Beryllium
93%
Br Bromine
92%
Ba Barium
90%
Bi Bismuth
84%
Bk Berkelium
64%
Bh Bohrium
60%
No matching quizzes found
Score Distribution
Percent of People with Each Score
Percentile by Number Answered
Your Score History
You have not taken this quiz since the last reset